| 000 | 00877nam a2200265 a 4500 | ||
|---|---|---|---|
| 001 | 42655 | ||
| 003 | (BD-RJUL) | ||
| 005 | 20211209053554.0 | ||
| 008 | 160614s1985 enk 000 0 eng d | ||
| 020 | _a0860371476 pbk | ||
| 020 | _a0860371468 | ||
| 035 | _aBD-RjUL42773 | ||
| 040 |
_aBD-RjUL _beng _cBD-RjUL |
||
| 041 | _aeng | ||
| 082 |
_a330.1 _223 _bCHT 1985 |
||
| 100 | 1 |
_aChapra, MuḼammad Umar, _d1933- _9131122 |
|
| 245 | 1 | 0 |
_aTowards a just monetary system : _ba discussion of money, banking and monetary policy in the light of Islamic teachings / _cM. Umar Chapra |
| 260 |
_aLeicester : _bIslamic Foundation, _cc1985 |
||
| 300 |
_a292 p ; _c22 cm. |
||
| 504 | _aBibliography: p267-282. - Includes index | ||
| 650 | 0 |
_aEconomics _xReligious aspects _xIslam _9117609 |
|
| 830 | 0 |
_aIslamic economic series ; _v8 _9172327 |
|
| 942 |
_2ddc _cBK |
||
| 999 |
_c42655 _d42655 |
||